[Event "Tournoi Skype 017B"]
[Site "Skype"]
[Date "????.??.??"]
[Round "2.4"]
[White "Rugman, Dan"]
[Black "Rescober, Joel Plata"]
[Result "1-0"]
[WhiteElo "1320"]
[BlackElo "1480"]
[PlyCount "90"]

1. e4 e6 2. d3 d5 3. Nd2 c5 4. Ngf3 Bd6 5. g3 dxe4 6. dxe4 b6 7. Bg2 e5 8. O-O
Bb7 9. Re1 Nf6 10. c3 O-O 11. h4 Nbd7 12. Qc2 Re8 13. Nc4 Bc7 14. Bg5 h6 15.
Bxf6 Nxf6 16. Rad1 Qe7 17. Nh2 Rad8 18. Ne3 Rxd1 19. Rxd1 Bb8 20. Nf5 Qe6 21.
c4 g6 22. Ne3 h5 23. b3 Bc7 24. Nd5 Bxd5 25. cxd5 Qd6 26. Nf3 Rc8 27. Nd2 b5
28. Qd3 Ba5 29. Qxb5 Bxd2 30. Rxd2 Rb8 31. Qd3 a5 32. Rc2 Rb4 33. f3 Qb6 34.
Rc4 Qb5 35. Bf1 Qb6 36. Qc2 Ne8 37. Rxc5 Nd6 38. Kg2 Nb7 39. Rc7 Qd4 40. Rxb7
Rxb7 41. Qc8+ Kg7 42. Qxb7 Qd2+ 43. Kh3 Qxa2 44. d6 Qf2 45. Bg2 Kf6 1-0

[Event "Tournoi Skype 017B"]
[Site "Skype"]
[Date "????.??.??"]
[Round "2.5"]
[White "Kruzeniski, Randy"]
[Black "Torres, Vicky"]
[Result "0-1"]
[WhiteElo "1456"]
[BlackElo "1323"]
[PlyCount "96"]

1. d4 Nf6 2. Nf3 e6 3. c4 d5 4. e3 Be7 5. Bd3 O-O 6. O-O c5 7. cxd5 exd5 8. b3
Bg4 9. Bb2 Nbd7 10. Nbd2 Qc7 11. h3 Bh5 12. g4 Bg6 13. Bxg6 fxg6 14. Ne5 Nxe5
15. dxe5 Nd7 16. f4 g5 17. Qe2 Nb6 18. Rf2 c4 19. bxc4 dxc4 20. Rc1 Rac8 21.
Bc3 gxf4 22. Rxf4 Nd5 23. Rxf8+ Bxf8 24. Bd4 Qa5 25. Nxc4 Qa6 26. Kg2 g6 27. g5
h6 28. h4 Ne7 29. e4 Nc6 30. Bb2 Na5 31. Kf3 Nxc4 32. Bd4 Nxe5+ 33. Bxe5 Qxe2+
34. Kxe2 Rxc1 35. a4 Rc4 36. Kf3 Rxa4 37. Bf4 Be7 38. e5 hxg5 39. hxg5 Ra3+ 40.
Ke4 b5 41. Kd5 b4 42. Ke6 Kf8 43. Kd7 b3 44. e6 b2 45. Bd6 Bxd6 46. Kxd6 Rd3+
47. Kc7 Ke7 48. Kc6 b1=Q 0-1

[Event "Tournoi Skype 017B"]
[Site "Skype"]
[Date "????.??.??"]
[Round "2.6"]
[White "Talbot, Jacques"]
[Black "Gerbaux, Regis"]
[Result "1/2-1/2"]
[WhiteElo "1452"]
[BlackElo "1311"]
[PlyCount "52"]

1. e4 e5 2. Nf3 Nc6 3. d4 exd4 4. Nxd4 Bc5 5. Be3 Nf6 6. Nxc6 bxc6 7. Bxc5 Nxe4
8. Qe2 d5 9. f3 Qg5 10. fxe4 Qc1+ 11. Qd1 Qxb2 12. Bd4 Qb4+ 13. Qd2 Qe7 14. Bd3
dxe4 15. O-O exd3 16. Re1 Be6 17. Qxd3 O-O-O 18. Qa6+ Kd7 19. Nc3 Qb4 20. Rad1
Ke7 21. Qxc6 Rxd4 22. Rxd4 Qxd4+ 23. Kh1 Rd8 24. Qxc7+ Kf8 25. Nb5 Qd2 26. Qc5+
Kg8 1/2-1/2

[Event "Tournoi Skype 017B"]
[Site "Skype"]
[Date "????.??.??"]
[Round "2.7"]
[White "Milanese, Serge"]
[Black "Galani, Mahendra"]
[Result "0-1"]
[WhiteElo "1294"]
[BlackElo "1448"]
[PlyCount "74"]

1. e4 e5 2. Nf3 d6 3. Bc4 h6 4. d4 exd4 5. Qxd4 Ne7 6. Nc3 c6 7. O-O Qc7 8. Bb3
Na6 9. Re1 Nc5 10. e5 Nxb3 11. axb3 d5 12. Bf4 Qd8 13. Nh4 Be6 14. Bg3 g5 15.
Rxa7 Rxa7 16. Qxa7 gxh4 17. Bxh4 Qc8 18. Bf6 Rg8 19. f3 h5 20. Qf2 Nf5 21. g3
Bh6 22. Kg2 Bf4 23. Kf1 Bh6 24. Qa7 Ne7 25. Ra1 Kd7 26. Qc5 Bh3+ 27. Kf2 Nf5
28. f4 Bg7 29. Ne4 dxe4 30. Rd1+ Ke8 31. Rd8+ Qxd8 32. Bxd8 Kxd8 33. Qb6+ Kc8
34. b4 e3+ 35. Kf3 Bg4+ 36. Ke4 e2 37. Qg1 Rd8 0-1

[Event "Tournoi Skype 017B"]
[Site "Skype"]
[Date "????.??.??"]
[Round "2.8"]
[White "Cossalter, Maurizio"]
[Black "Battaglia, Gabriele"]
[Result "1-0"]
[WhiteElo "1447"]
[BlackElo "1301"]
[PlyCount "71"]

1. e4 e5 2. f4 f6 3. f5 Nc6 4. Qh5+ Ke7 5. Nc3 Qe8 6. Nd5+ Kd8 7. Qxe8+ Kxe8 8.
Nxc7+ Kd8 9. Nxa8 Bc5 10. Bb5 b6 11. Nxb6 axb6 12. Bxc6 dxc6 13. d3 Ba6 14. Bd2
Ne7 15. a3 g6 16. fxg6 hxg6 17. Nf3 Rg8 18. Bb4 Bxb4+ 19. axb4 f5 20. Rxa6 b5
21. Nxe5 Kc7 22. Ra7+ Kd6 23. d4 fxe4 24. O-O Nf5 25. Nf7+ Kd5 26. Rd7+ Ke6 27.
Rc7 Kd5 28. c3 Kc4 29. Rxc6+ Kb3 30. Ng5 e3 31. Re1 Kxb2 32. c4 bxc4 33. Rxc4
Kb3 34. Rc7 Nxd4 35. Rxe3+ Kxb4 36. Re4 1-0

[Event "Tournoi Skype 017B"]
[Site "Skype"]
[Date "????.??.??"]
[Round "2.9"]
[White "Rivas, Jonathan"]
[Black "Tamditi, Ibrahim"]
[Result "0-1"]
[WhiteElo "1433"]
[BlackElo "1288"]
[PlyCount "48"]

1. e4 e5 2. Nf3 Nc6 3. d4 exd4 4. Nxd4 Qf6 5. Be3 a6 6. Be2 Bc5 7. c3 Nge7 8.
b4 Bxd4 9. cxd4 Nxb4 10. Nc3 c5 11. e5 Qg6 12. d5 Nc2+ 13. Kd2 Nxa1 14. Qxa1
O-O 15. Bxc5 Qg5+ 16. Be3 Qxe5 17. Qb1 Nxd5 18. Nxd5 Qxd5+ 19. Bd3 d6 20. Ke2
Qxg2 21. Bxh7+ Kh8 22. Bd3 Bg4+ 23. Kd2 Qd5 24. Rd1 Bxd1 0-1

[Event "Tournoi Skype 017B"]
[Site "Skype"]
[Date "????.??.??"]
[Round "2.10"]
[White "Khatanhar, Mohit"]
[Black "Bousbia, Amine"]
[Result "0-1"]
[WhiteElo "1283"]
[BlackElo "1418"]
[PlyCount "72"]

1. e4 c5 2. c4 Nc6 3. d3 d6 4. Nf3 Bg4 5. h3 Bxf3 6. Qxf3 Nd4 7. Qd1 g6 8. Nc3
Bg7 9. Bd2 Nf6 10. Be2 O-O 11. O-O a6 12. Re1 b5 13. cxb5 axb5 14. a3 b4 15.
axb4 Rxa1 16. Qxa1 Nc2 17. Qc1 Nxe1 18. Bxe1 cxb4 19. Nd5 Nxd5 20. exd5 Qd7 21.
Bxb4 Rb8 22. Bd2 Rxb2 23. Bg4 f5 24. Bf3 Qb7 25. Kh2 Be5+ 26. g3 Kf7 27. Ba5
Rxf2+ 28. Kg1 Rxf3 29. Qd1 Bd4+ 30. Kg2 Rf2+ 31. Kh1 Qb2 32. Qg1 Rh2+ 33. Qxh2
Qc1+ 34. Kg2 Qe3 35. Kh1 Qxd3 36. Bd2 Qf1+ 0-1

[Event "Tournoi Skype 017B"]
[Site "Skype"]
[Date "????.??.??"]
[Round "2.11"]
[White "Dubois, Real"]
[Black "Kruk, Clementine"]
[Result "1-0"]
[WhiteElo "1410"]
[BlackElo "1187"]
[PlyCount "157"]

1. d4 d5 2. c3 Nf6 3. h3 Nc6 4. Nf3 Bf5 5. Nbd2 e6 6. e3 a6 7. Be2 Bd6 8. O-O
e5 9. dxe5 Nxe5 10. Nxe5 Bxe5 11. Nf3 Qd6 12. Nxe5 Qxe5 13. Bf3 O-O-O 14. Re1
Be4 15. Qe2 Rhe8 16. Rd1 Bxf3 17. Qxf3 h5 18. Rd4 c5 19. Rf4 Kb8 20. Ra4 d4 21.
Bd2 g5 22. exd4 cxd4 23. cxd4 Rxd4 24. Rxd4 Qxd4 25. Bc3 Qe4 26. Qg3+ Qf4 27.
Qxf4+ gxf4 28. Bxf6 Rg8 29. Rd1 Kc7 30. Be5+ Kc6 31. Bxf4 b5 32. Rc1+ Kb6 33.
Rc7 a5 34. Rxf7 b4 35. Rf6+ Kb5 36. Rf5+ Ka4 37. Rxh5 Ra8 38. Rf5 b3 39. axb3+
Kxb3 40. Be5 a4 41. h4 Ra5 42. Rf3+ Kb4 43. Bc3+ Kb3 44. Bxa5+ Kxb2 45. Bb4 Ka2
46. Ra3+ Kb2 47. Rxa4 Kb3 48. Ra3+ Kxb4 49. Re3 Kc4 50. h5 Kd4 51. h6 Kd5 52.
h7 Kd4 53. h8=Q+ Kd5 54. Qe5+ Kc4 55. Qc3+ Kd5 56. Qb3+ Kd4 57. Rd3+ Kc5 58.
Rd5+ Kc6 59. Qb5+ Kc7 60. Qb7+ Kxb7 61. Kf1 Kc6 62. Rh5 Kd6 63. Ke2 Ke6 64. Ke3
Kf6 65. Kf4 Kg6 66. Ra5 Kf6 67. g4 Kg6 68. Ra6+ Kf7 69. Kf5 Ke7 70. g5 Kd7 71.
g6 Ke7 72. g7 Kf7 73. Ra7+ Kg8 74. Kf6 Kh7 75. Kf7 Kh6 76. g8=Q Kh5 77. Qg6+
Kh4 78. Kf6 Kh3 79. Rh7# 1-0

[Event "Tournoi Skype 017B"]
[Site "Skype"]
[Date "????.??.??"]
[Round "2.12"]
[White "Sahrane, Juba"]
[Black "Farthouat, Titoine"]
[Result "0-1"]
[WhiteElo "1222"]
[BlackElo "1398"]
[PlyCount "64"]

1. e4 c5 2. c3 e6 3. d4 d5 4. e5 Nc6 5. Nf3 a6 6. Be3 Qb6 7. Qd2 cxd4 8. cxd4
Bb4 9. Nc3 Na5 10. b3 Bd7 11. Bd3 Rc8 12. Rc1 Qc6 13. O-O Bxc3 14. Qc2 Ne7 15.
Bd2 Bxd2 16. Qxd2 Qb6 17. Rxc8+ Bxc8 18. Qc2 h6 19. Rc1 O-O 20. Qc3 Qc6 21. Qd2
Qb6 22. Rc5 Nac6 23. Rc3 Nxd4 24. Nxd4 Qxd4 25. Bh7+ Kxh7 26. Qxd4 Nc6 27. Qc5
Rd8 28. Qe3 d4 29. Qe4+ f5 30. Qd3 dxc3 31. Qxc3 Rd1+ 32. Qe1 Rxe1# 0-1

[Event "Tournoi Skype 017B"]
[Site "Skype"]
[Date "????.??.??"]
[Round "2.13"]
[White "Douichi, Mohammed"]
[Black "Perrone, Gabriel Lorenzo"]
[Result "0-1"]
[WhiteElo "1172"]
[BlackElo "1390"]
[PlyCount "92"]

1. e4 e5 2. d4 exd4 3. Qxd4 Nc6 4. Qd1 d6 5. Nf3 Bg4 6. Be2 Nf6 7. O-O Nxe4 8.
Be3 Be7 9. h3 Bh5 10. Bd3 Bxf3 11. Qxf3 Nf6 12. Nd2 Ne5 13. Qg3 g6 14. Bf4 Nh5
15. Qe3 Nxf4 16. Qxf4 Nxd3 17. cxd3 O-O 18. Nf3 Re8 19. d4 Bf6 20. Rad1 d5 21.
Qd2 b6 22. b4 Rc8 23. a4 a6 24. a5 bxa5 25. bxa5 c5 26. Qa2 Kg7 27. Rd3 Rc6 28.
Qa4 Qc7 29. Qa3 Re4 30. Nd2 Rxd4 31. Rxd4 Bxd4 32. Nf3 Bf6 33. Rd1 d4 34. Nh2
Bd8 35. Qc1 h6 36. Ng4 Bg5 37. Qxg5 hxg5 38. g3 Qxa5 39. Rd3 Qe1+ 40. Kg2 Qe4+
41. Rf3 c4 42. Nh2 c3 43. Nf1 Rf6 44. Nh2 c2 45. Kg1 c1=Q+ 46. Nf1 Qxf3 0-1

[Event "Tournoi Skype 017B"]
[Site "Skype"]
[Date "????.??.??"]
[Round "2.15"]
[White "Lemoine, Gerard"]
[Black "Martin, Elise"]
[Result "1-0"]
[WhiteElo "1202"]
[BlackElo "1038"]
[PlyCount "63"]

1. d4 d5 2. c4 e6 3. Nf3 Nf6 4. Bg5 Be7 5. Nc3 Nc6 6. e3 O-O 7. a3 a6 8. Ne5
Nxe5 9. dxe5 d4 10. exd4 b5 11. exf6 Bxf6 12. Qf3 Bxg5 13. Qxa8 Bf6 14. Qe4 g6
15. Rd1 Bg7 16. Be2 c6 17. b4 Bb7 18. O-O a5 19. Bf3 axb4 20. axb4 bxc4 21. Qe3
e5 22. Ne2 exd4 23. Nxd4 Qc7 24. Rfe1 Rd8 25. Qe7 Qxe7 26. Rxe7 Bf8 27. Rxb7 c3
28. Nxc6 Re8 29. Rc1 Bxb4 30. Rxb4 Rc8 31. Ne7+ Kg7 32. Nxc8 1-0

[Event "Tournoi Skype 017B"]
[Site "Skype"]
[Date "????.??.??"]
[Round "2.16"]
[White "Ceciliano, Isaac"]
[Black "Ramirez Reina, Orlando"]
[Result "1-0"]
[WhiteElo "1143"]
[BlackElo "1442"]
[PlyCount "125"]

1. e4 c5 2. Nf3 e6 3. d4 cxd4 4. c3 d3 5. Bxd3 a6 6. O-O Nc6 7. c4 h6 8. Nc3
Qc7 9. Qd2 Bb4 10. Qf4 Qxf4 11. Bxf4 Nf6 12. e5 Nh5 13. Ne2 Nxf4 14. Nxf4 O-O
15. Nh5 Be7 16. Rfe1 Rd8 17. Be4 d6 18. Rad1 Nxe5 19. Nxe5 dxe5 20. Rxd8+ Bxd8
21. Rd1 Be7 22. a3 f5 23. Bc2 g6 24. Ng3 b6 25. b4 Ra7 26. Bb3 Rd7 27. Rxd7
Bxd7 28. b5 a5 29. a4 Kg7 30. Kf1 Bc5 31. Ne2 g5 32. f3 h5 33. h3 Kf6 34. Nc1
Be8 35. Ke2 Bg6 36. Nd3 Bd4 37. g3 f4 38. g4 hxg4 39. hxg4 e4 40. Nf2 exf3+ 41.
Kxf3 e5 42. Ne4+ Bxe4+ 43. Kxe4 Bc5 44. Bc2 Ke6 45. Kf3 Kd6 46. Ke4 Bd4 47. Kf5
f3 48. Kxg5 Be3+ 49. Kf5 f2 50. Bd3 Bf4 51. g5 Bxg5 52. Kxg5 e4 53. Be2 Ke5 54.
Kg4 e3 55. Kf3 Kd4 56. Bf1 Kc3 57. c5 bxc5 58. b6 Kd2 59. b7 e2 60. Bxe2 Ke1
61. b8=Q f1=Q+ 62. Bxf1 Kxf1 63. Qb1# 1-0

[Event "Tournoi Skype 017B"]
[Site "Skype"]
[Date "????.??.??"]
[Round "2.17"]
[White "Alverson, Ginny"]
[Black "Vello, Pablo"]
[Result "0-1"]
[WhiteElo "1124"]
[BlackElo "1361"]
[PlyCount "60"]

1. Nf3 Nf6 2. d4 d5 3. Nbd2 g6 4. c4 c6 5. c5 Bg7 6. e3 Bf5 7. Be2 Nbd7 8. O-O
O-O 9. Ne5 Nxe5 10. dxe5 Nd7 11. Nf3 Nxe5 12. Nxe5 Bxe5 13. f4 Bg7 14. Bd3 Bxd3
15. Qxd3 b6 16. cxb6 Qxb6 17. Rb1 e6 18. Kh1 f5 19. Qe2 e5 20. fxe5 Bxe5 21.
Qf3 Qc7 22. g3 Rab8 23. Qg2 Kg7 24. e4 fxe4 25. Rxf8 Rxf8 26. Bg5 Rf5 27. Qd2
Qf7 28. Bh6+ Kg8 29. g4 Rf1+ 30. Rxf1 Qxf1# 0-1

[Event "Tournoi Skype 017B"]
[Site "Skype"]
[Date "????.??.??"]
[Round "2.18"]
[White "Hargez, Dany"]
[Black "Picard, Mario"]
[Result "1-0"]
[WhiteElo "1421"]
[BlackElo "1350"]
[PlyCount "77"]

1. e4 e5 2. Nf3 Nc6 3. d4 exd4 4. Nxd4 Nxd4 5. Qxd4 c5 6. Qd1 d6 7. Bc4 Be6 8.
Qd3 Nf6 9. O-O d5 10. exd5 Bxd5 11. Re1+ Be7 12. Bg5 O-O 13. Bxf6 Bxf6 14. c3
Bxc4 15. Qxc4 Rc8 16. Na3 a6 17. Nc2 b5 18. Qf1 Re8 19. Rad1 Qc7 20. Ne3 Qa5
21. Nd5 Rxe1 22. Nxf6+ gxf6 23. Qxe1 Qxa2 24. Rd2 Rf8 25. Qd1 Qa5 26. g3 b4 27.
Qg4+ Kh8 28. Qc4 bxc3 29. bxc3 Qa1+ 30. Kg2 Qa5 31. Ra2 Qc7 32. Rxa6 Qb7+ 33.
Kg1 Rd8 34. Ra1 Rd2 35. Qxc5 Rd8 36. Qf5 Qe7 37. c4 Qe6 38. Qc2 Qxc4 39. Qxc4
1-0

[Event "Tournoi Skype 017B"]
[Site "Skype"]
[Date "????.??.??"]
[Round "2.19"]
[White "Farthouat, Catherine"]
[Black "Martin, Jean-Claude"]
[Result "0-1"]
[WhiteElo "1197"]
[BlackElo "1455"]
[PlyCount "108"]

1. e4 e5 2. Nf3 Nc6 3. Bb5 Nf6 4. d3 Bc5 5. Bxc6 dxc6 6. Nxe5 Bd6 7. Nf3 Bb4+
8. Bd2 O-O 9. Bxb4 Re8 10. O-O h6 11. h3 b6 12. Bd2 c5 13. Nc3 Bb7 14. Re1 a5
15. e5 Nd5 16. d4 cxd4 17. Nxd4 c5 18. Nf5 Re6 19. Qg4 Rg6 20. Qh5 Nxc3 21.
Bxc3 Rxg2+ 22. Kh1 Rxf2+ 23. Kg1 Rg2+ 24. Kf1 Qg5 25. Qxg5 Rxg5 26. Nd6 Bg2+
27. Kg1 Bxh3+ 28. Kh2 Rh5 29. Kg3 Bf5 30. Kf4 Bxc2 31. e6 fxe6 32. Rxe6 Rf8+
33. Kg4 Rg5+ 34. Kh4 Rf4+ 35. Kh3 Bf5+ 36. Nxf5 Rgxf5 37. Rae1 Rf3+ 38. Kh4 Kh7
39. Re7 Rf7 40. Rxf7 Rxf7 41. Rg1 g5+ 42. Kh5 Rf2 43. Bd2 Rxd2 44. Kg4 Rxb2 45.
Kf5 c4 46. Rd1 Rf2+ 47. Ke4 b5 48. Ke3 Rxa2 49. Rd4 Ra3+ 50. Ke4 Rd3 51. Rd5
Rxd5 52. Kxd5 c3 53. Kd4 c2 54. Kd3 c1=Q 0-1

[Event "Tournoi Skype 017B"]
[Site "Skype"]
[Date "????.??.??"]
[Round "2.20"]
[White "Cengiz, Cem"]
[Black "Mimouni, Driss"]
[Result "1-0"]
[WhiteElo "1391"]
[BlackElo "1199"]
[PlyCount "33"]

1. e4 c5 2. Nf3 d6 3. d4 Be6 4. Be3 Nc6 5. d5 Nd4 6. dxe6 fxe6 7. Nxd4 cxd4 8.
Bxd4 Qa5+ 9. Bc3 Qg5 10. g3 Nf6 11. h4 Qg6 12. Bb5+ Kf7 13. Bxf6 exf6 14. Nc3
d5 15. exd5 exd5 16. Qxd5+ Ke7 17. Qd7# 1-0

[Event "Tournoi Skype 017B"]
[Site "Skype"]
[Date "????.??.??"]
[Round "2.21"]
[White "Kayali, Furkan"]
[Black "Tu, Harrison"]
[Result "1-0"]
[WhiteElo "1373"]
[BlackElo "1199"]
[PlyCount "57"]

1. e4 e5 2. Bc4 Nf6 3. Nf3 d6 4. Nc3 Be7 5. O-O O-O 6. Re1 Nc6 7. d4 Nxd4 8.
Nxd4 exd4 9. Qxd4 Ne8 10. e5 c5 11. Qd5 b5 12. Nxb5 Qd7 13. e6 fxe6 14. Qxa8
Nf6 15. Bxe6+ Kh8 16. Bxd7 Bxd7 17. Qxa7 Bd8 18. Qxd7 Nxd7 19. Nxd6 c4 20. Re8
Rxe8 21. Nxe8 g5 22. h4 gxh4 23. Bf4 Nf6 24. Be5 Kg8 25. Bxf6 c3 26. Bxd8 h6
27. a4 cxb2 28. Rb1 h5 29. a5 1-0

[Event "Tournoi Skype 017B"]
[Site "Skype"]
[Date "????.??.??"]
[Round "2.22"]
[White "Porcabeuf, Jean-Marc"]
[Black "Baker, Abi"]
[Result "0-1"]
[WhiteElo "1373"]
[BlackElo "1149"]
[PlyCount "58"]

1. d4 d5 2. c4 g6 3. Nc3 Bg7 4. Nf3 Nf6 5. e3 O-O 6. Bd3 a6 7. O-O Bd7 8. h3 b5
9. cxb5 axb5 10. e4 c6 11. exd5 cxd5 12. b4 Qc8 13. Bd2 Nc6 14. Bxb5 Nxb4 15.
Bxd7 Nxd7 16. Re1 Nc6 17. Nxd5 e6 18. Nc3 Re8 19. Be3 Qc7 20. Qd2 f6 21. Bf4 e5
22. dxe5 fxe5 23. Nd5 Qa5 24. Qxa5 Rxa5 25. Nc7 Rc8 26. Nxe5 Ndxe5 27. Rac1 Nd3
28. Re7 Nxc1 29. Bxc1 Nxe7 0-1

[Event "Tournoi Skype 017B"]
[Site "Skype"]
[Date "????.??.??"]
[Round "2.23"]
[White "Vincent, Andre"]
[Black "Lowery, Mike"]
[Result "1-0"]
[WhiteElo "1187"]
[BlackElo "1369"]
[PlyCount "51"]

1. e4 g6 2. Nf3 Bg7 3. d4 d6 4. Nc3 e6 5. Be2 Ne7 6. O-O O-O 7. Bf4 Nd7 8. Qd2
e5 9. dxe5 dxe5 10. Be3 c6 11. Rad1 Qc7 12. a4 a5 13. Bc4 Nb6 14. Bxb6 Qxb6 15.
b3 h6 16. Qe2 Bd7 17. Rxd7 Rfe8 18. Rfd1 Kh7 19. Bxf7 Rec8 20. Rxe7 Bf8 21.
Red7 Bc5 22. Be6+ Kh8 23. Kf1 Re8 24. Bc4 Rec8 25. Nxe5 Rf8 26. Nxg6# 1-0

[Event "Tournoi Skype 017B"]
[Site "Skype"]
[Date "????.??.??"]
[Round "2.24"]
[White "Gieschen, Mike"]
[Black "Bhandari, Dattatrey"]
[Result "0-1"]
[WhiteElo "1339"]
[BlackElo "1134"]
[PlyCount "46"]

1. Nf3 d5 2. d4 e6 3. e3 Nf6 4. c4 Ne4 5. a3 Nd7 6. Bd3 Ndf6 7. O-O c6 8. c5 b6
9. cxb6 Qxb6 10. Bxe4 Nxe4 11. Nbd2 c5 12. Nxe4 dxe4 13. dxc5 Bxc5 14. Qa4+ Bd7
15. Qxe4 Bc6 16. Qg4 Bxf3 17. Qxf3 O-O 18. b4 Bd6 19. Bb2 e5 20. Qd5 Rfe8 21.
Rad1 Rad8 22. Rd3 e4 23. Rd4 Bxh2+ 0-1

[Event "Tournoi Skype 017B"]
[Site "Skype"]
[Date "????.??.??"]
[Round "2.26"]
[White "Morin, Claude"]
[Black "Bustos, Ricardo"]
[Result "0-1"]
[WhiteElo "1037"]
[BlackElo "1239"]
[PlyCount "78"]

1. e4 c5 2. Nf3 d6 3. d3 Nf6 4. h3 e5 5. c3 Nc6 6. Be2 Be7 7. O-O O-O 8. c4 Nd4
9. Nxd4 exd4 10. b3 a6 11. Bb2 b5 12. Nd2 Bb7 13. Bf3 Qc7 14. Re1 Rfe8 15. a3
bxc4 16. Nxc4 Rac8 17. Rc1 a5 18. Qd2 Bd8 19. Qf4 d5 20. Nd6 dxe4 21. dxe4 Re6
22. e5 Nd5 23. Nxc8 Nxf4 24. Na7 Bxf3 25. Nb5 Qc6 26. Bxd4 cxd4 27. Rxc6 Rxc6
28. Nxd4 Rc3 29. gxf3 Nxh3+ 30. Kh2 Nxf2 31. Rg1 Bb6 32. Nf5 g6 33. Ne7+ Kf8
34. Nd5 Rxb3 35. Rg2 Bd4 36. e6 fxe6 37. Nf6 Bxf6 38. Rxf2 Bh4 39. Kh3 Bxf2 0-1

[Event "Tournoi Skype 017B"]
[Site "Skype"]
[Date "????.??.??"]
[Round "2.27"]
[White "Homme, Jim"]
[Black "Bouffard, Georges"]
[Result "0-1"]
[WhiteElo "1236"]
[BlackElo "1000"]
[PlyCount "127"]

1. e4 e5 2. d4 d6 3. Nf3 Bg4 4. Be2 Be6 5. dxe5 d5 6. exd5 Bxd5 7. Nc3 Bb4 8.
O-O Ne7 9. Bg5 Nbc6 10. a3 Bc5 11. b4 Bb6 12. Bxe7 Nxe7 13. Nxd5 Qxd5 14. Qxd5
Nxd5 15. Rad1 O-O-O 16. Bc4 c6 17. Ng5 Rd7 18. e6 fxe6 19. Nxe6 a6 20. Rfe1 h5
21. Rd3 Rh6 22. Ng5 Rf6 23. Re8+ Rd8 24. Rxd8+ Bxd8 25. Bxd5 Rd6 26. Be6+ Kc7
27. Rxd6 Kxd6 28. Bf7 Bxg5 29. Bxh5 b6 30. Kf1 Ke6 31. Bg4+ Ke7 32. Ke2 Kd6 33.
Bc8 a5 34. Kd3 Bc1 35. Kc3 Bxa3 36. bxa5 bxa5 37. Kb3 Bc5 38. f4 Ke7 39. f5 Bb6
40. c4 c5 41. g4 Bc7 42. h4 Bf4 43. h5 Bd2 44. Bb7 Kf6 45. Bc6 Ke5 46. Ka4 Kf4
47. Kb5 Bb4 48. f6 gxf6 49. h6 Bc3 50. Kxc5 Kxg4 51. Kd5 Kg5 52. h7 f5 53. Bd7
f4 54. Bh3 a4 55. c5 a3 56. h8=Q Bxh8 57. c6 a2 58. c7 a1=Q 59. c8=Q Qd4+ 60.
Ke6 Qe5+ 61. Kf7 Qf6+ 62. Ke8 Qe5+ 63. Kf7 Qb8 64. Qxb8 0-1

[Event "Tournoi Skype 017B"]
[Site "Skype"]
[Date "????.??.??"]
[Round "2.28"]
[White "Talbot, Jean"]
[Black "Prasad, Sanjay"]
[Result "1-0"]
[WhiteElo "1031"]
[BlackElo "1231"]
[PlyCount "71"]

1. e4 d6 2. d4 e6 3. Bb5+ Bd7 4. Nc3 a6 5. Ba4 Bxa4 6. Nxa4 Nf6 7. e5 dxe5 8.
dxe5 Qxd1+ 9. Kxd1 Ng4 10. Ke2 Nxe5 11. Bf4 Bd6 12. Rd1 Nbc6 13. Nf3 O-O 14.
Nxe5 Nxe5 15. Bxe5 Bxe5 16. Rd7 b5 17. Nc5 Rad8 18. Rhd1 Rxd7 19. Nxd7 Rd8 20.
Nxe5 Rxd1 21. Kxd1 f6 22. Ng4 h5 23. Ne3 g5 24. f3 Kg7 25. Ke2 Kg6 26. g4 f5
27. h3 fxg4 28. fxg4 hxg4 29. hxg4 Kf6 30. Kf3 c6 31. b4 Ke5 32. c3 Kd6 33. Ke4
c5 34. a3 cxb4 35. cxb4 Ke7 36. Ke5 1-0

[Event "Tournoi Skype 017B"]
[Site "Skype"]
[Date "????.??.??"]
[Round "2.29"]
[White "Gagnon, Sindy"]
[Black "Paquay, Renaud"]
[Result "0-1"]
[WhiteElo "1000"]
[BlackElo "1221"]
[PlyCount "22"]

1. e4 c6 2. Nc3 d5 3. d3 d4 4. Nce2 Bg4 5. Bg5 Nd7 6. c4 Qa5+ 7. b4 Qxg5 8. Qb3
e5 9. Nc1 g6 10. b5 Bh6 11. Nge2 Qd2# 0-1

[Event "Tournoi Skype 017B"]
[Site "Skype"]
[Date "????.??.??"]
[Round "2.30"]
[White "Moumtaz, Abderrahim"]
[Black "Marty, Yvette"]
[Result "1-0"]
[WhiteElo "1216"]
[BlackElo "1000"]
[PlyCount "79"]

1. e4 c6 2. Bc4 e6 3. Qh5 Nf6 4. Qd1 Nxe4 5. Nf3 d5 6. Bd3 Nc5 7. O-O Nxd3 8.
cxd3 Qb6 9. Nc3 Be7 10. d4 Qc7 11. Re1 O-O 12. b3 b5 13. Ne2 Nd7 14. Ng3 Nf6
15. d3 Rb8 16. Be3 h6 17. a3 b4 18. a4 a5 19. Rc1 Bb7 20. Qd2 Ng4 21. Bf4 Bd6
22. h3 Bxf4 23. hxg4 Bxd2 24. Rcd1 Bc3 25. Re2 c5 26. Nh5 g6 27. Nf6+ Kg7 28.
Nh5+ Kg8 29. Ng3 cxd4 30. Rc1 Rfe8 31. Nxd4 Bxd4 32. Rxc7 Bb6 33. Rb2 d4 34.
Rc1 Rbc8 35. Re1 Ba6 36. Rd2 e5 37. Ne4 Kg7 38. Nd6 h5 39. Nxe8+ Rxe8 40. g5
1-0

[Event "Tournoi Skype 017B"]
[Site "Skype"]
[Date "????.??.??"]
[Round "3.1"]
[White "Sauvaget, Joel"]
[Black "Farthouat, Titoine"]
[Result "0-1"]
[WhiteElo "1561"]
[BlackElo "1398"]
[PlyCount "146"]

1. d4 d5 2. Nf3 h6 3. e3 Bg4 4. h3 Bh5 5. Be2 Nf6 6. Nbd2 e6 7. O-O Bd6 8. Re1
O-O 9. c3 Nbd7 10. Nf1 Re8 11. N3d2 Bxe2 12. Qxe2 e5 13. dxe5 Bxe5 14. Nf3 Bf4
15. Qc2 Ne5 16. exf4 Nxf3+ 17. gxf3 Rxe1 18. Rb1 Qe7 19. Kg2 Qe2 20. Qxe2 Rxe2
21. Ne3 Re1 22. f5 Rd8 23. Nc2 Re5 24. Be3 Rxf5 25. Nd4 Re5 26. Bf4 Re7 27. Be3
c5 28. Nb3 b6 29. a4 Nh5 30. a5 f5 31. Ra1 f4 32. Bd2 Re2 33. axb6 axb6 34. Rd1
d4 35. cxd4 cxd4 36. Rc1 Rd5 37. Kf1 d3 38. Rc3 Nf6 39. Rc4 Nh7 40. Rxf4 Ng5
41. Kg2 Rd6 42. Rc4 Rg6 43. Rg4 Re5 44. f4 h5 45. Rg3 Rd5 46. Rxg5 Rgxg5+ 47.
fxg5 Rb5 48. Nc1 Rxb2 49. Kf3 Rxd2 50. Ke3 Rc2 51. Nxd3 b5 52. Kd4 b4 53. Nxb4
Rxf2 54. Ke3 Rh2 55. Kf3 Rxh3+ 56. Kg2 Rh4 57. Nd3 Rg4+ 58. Kh3 Rxg5 59. Kh4
Rf5 60. Ne1 g6 61. Ng2 Rf2 62. Ne3 Rf4+ 63. Kg5 Re4 64. Nf1 Kg7 65. Nh2 Re5+
66. Kf4 Kf6 67. Nf3 Rf5+ 68. Kg3 Rxf3+ 69. Kxf3 Kf5 70. Kg3 g5 71. Kh3 g4+ 72.
Kh4 Kf4 73. Kxh5 g3 0-1

[Event "Tournoi Skype 017B"]
[Site "Skype"]
[Date "????.??.??"]
[Round "3.2"]
[White "Perrone, Gabriel Lorenzo"]
[Black "De Coninck, Philippe"]
[Result "0-1"]
[WhiteElo "1390"]
[BlackElo "1492"]
[PlyCount "110"]

1. d4 e5 2. e4 Nf6 3. Bg5 Be7 4. Nf3 Nxe4 5. Bxe7 Qxe7 6. dxe5 Nc6 7. Bd3 Ng5
8. Nbd2 Nxe5 9. Nxe5 Qxe5+ 10. Qe2 Qxe2+ 11. Bxe2 O-O 12. O-O d5 13. Rad1 Bf5
14. Nf3 Nxf3+ 15. Bxf3 c6 16. Rfe1 Bxc2 17. Rd2 Bf5 18. Re5 g6 19. h4 Rae8 20.
Rde2 Rxe5 21. Rxe5 Be6 22. h5 Kg7 23. Kh2 d4 24. b3 d3 25. Re3 Rd8 26. Re1 d2
27. Rd1 Bf5 28. g4 Bc2 29. Rg1 Rd3 30. Bd1 Bxd1 31. Rxd1 b5 32. Kg2 Kf6 33. Kf1
Ke5 34. Ke2 Kd4 35. Rxd2 Rxd2+ 36. Kxd2 c5 37. hxg6 hxg6 38. f3 a5 39. a3 a4
40. bxa4 bxa4 41. f4 f6 42. f5 gxf5 43. gxf5 Ke4 44. Kc3 Kxf5 45. Kc4 Ke4 46.
Kb5 f5 47. Kxa4 f4 48. Kb5 f3 49. a4 f2 50. a5 f1=Q+ 51. Kb6 Qb1+ 52. Ka7 Kd5
53. a6 Kc6 54. Ka8 Kc7 55. Ka7 Qb8# 0-1

[Event "Tournoi Skype 017B"]
[Site "Skype"]
[Date "????.??.??"]
[Round "3.3"]
[White "Sepulveda, Lyda Marcela"]
[Black "Briere, Jean"]
[Result "0-1"]
[WhiteElo "1368"]
[BlackElo "1487"]
[PlyCount "86"]

1. e4 e5 2. Nf3 Nc6 3. Bc4 Bc5 4. c3 d6 5. d4 exd4 6. cxd4 Bb6 7. d5 Ne5 8.
Nxe5 dxe5 9. O-O Nf6 10. Bg5 h6 11. Bh4 O-O 12. Qf3 g5 13. Bg3 Bg4 14. Qd3 Bd4
15. Nc3 a6 16. a4 Qd6 17. h3 Bh5 18. Rab1 Bg6 19. Kh1 Nh5 20. Bh2 f5 21. f3
fxe4 22. Nxe4 Bxe4 23. Qxe4 Nf4 24. Bg1 Bxg1 25. Rxg1 Kg7 26. Rge1 Rfe8 27. Re3
Rad8 28. Rbe1 Nxd5 29. Bxd5 Qxd5 30. Qf5 Qe6 31. Qxe5+ Qxe5 32. Rxe5 Rxe5 33.
Rxe5 Kf6 34. Rc5 c6 35. Kh2 Rd5 36. Rc4 a5 37. Re4 b5 38. b4 bxa4 39. bxa5 Rxa5
40. Rc4 c5 41. g4 a3 42. Rc1 a2 43. Ra1 c4 0-1